[Event "Avoine op 25th"]
[Site "Avoine"]
[Date "2010.07.19"]
[Round "3"]
[White "Sobry, Sebastien"]
[Black "Robveille, Laurent"]
[Result "1-0"]
[WhiteElo "2077"]
[BlackElo "1925"]
[PlyCount "39"]
[EventDate "2010.07.17"]
[EventType "swiss"]
[EventRounds "9"]
[EventCountry "FRA"]
[SourceTitle "EXT 2011"]
[Source "ChessBase"]
[SourceDate "2010.11.26"]
[SourceVersion "1"]
[SourceVersionDate "2010.11.26"]
[SourceQuality "1"]

1. e4 d5 2. exd5 Qxd5 3. Nc3 Qa5 4. d4 Nf6 5. Nf3 Nc6 6. Bd2 Bg4 7. Nb5 Qb6 8. c4 Nxd4 9. Nbxd4 e5 10. h3 Bxf3 11. Nxf3 0-0-0 12. Qb3 Qc5 13. Qe3 Qc6 14. Qxa7 Qe4+ 15. Be2 b6 16. Ng5 Qxg2 17. Bf3 Rxd2 18. Bxg2 Bb4 19. Qa8+ Kd7 20. Qa4+ 1-0

[Event "Angers op 4th"]
[Site "Angers"]
[Date "2009.04.19"]
[Round "6"]
[White "Robveille, Laurent"]
[Black "David, Jean Luc"]
[Result "1-0"]
[WhiteElo "1915"]
[BlackElo "1721"]
[PlyCount "81"]
[EventDate "2009.04.17"]
[EventType "swiss"]
[EventRounds "6"]
[EventCountry "FRA"]
[SourceTitle "CBM 129 Extra"]
[Source "ChessBase"]
[SourceDate "2009.05.05"]
[SourceVersion "2"]
[SourceVersionDate "2009.05.20"]
[SourceQuality "1"]

1. d4 Nf6 2. Nf3 d5 3. c4 e6 4. Nc3 Bb4 5. e3 Ne4 6. Qc2 0-0 7. Bd3 f5 8. 0-0 Bxc3 9. bxc3 Rf6 10. cxd5 exd5 11. c4 c6 12. Bb2 Be6 13. Ne5 Rh6 14. g3 Nd7 15. Nxd7 Qxd7 16. f3 Nd6 17. cxd5 cxd5 18. Qe2 g5 19. Rf2 Rh3 20. Rc1 g4 21. f4 Rf8 22. Qc2 Rf7 23. Qc5 h5 24. Ba3 Nc4 25. Bf1 Nxe3 26. Bxh3 gxh3 27. Re2 Ng2 28. Qd6 Qxd6 29. Bxd6 Rf6 30. Rc7 Rg6 31. Kf2 h4 32. Rxb7 a5 33. Re7 Bf7 34. Be5 hxg3+ 35. hxg3 Rh6 36. Kg1 h2+ 37. Kh1 Bh5 38. Rb2 Kf8 39. Rc7 Re6 40. Rb8+ Be8 41. Kxg2 1-0

[Event "Avoine op 22nd"]
[Site "Avoine"]
[Date "2007.07.22"]
[Round "2"]
[White "Robveille, Laurent"]
[Black "Hortas, Igor"]
[Result "0-1"]
[WhiteElo "1948"]
[BlackElo "2099"]
[PlyCount "74"]
[EventDate "2007.07.21"]
[EventType "swiss"]
[EventRounds "9"]
[EventCountry "FRA"]
[SourceTitle "EXT 2010"]
[Source "ChessBase"]
[SourceDate "2010.11.25"]
[SourceVersion "1"]
[SourceVersionDate "2010.11.25"]
[SourceQuality "1"]

1. d4 Nf6 2. Nf3 e6 3. g3 b6 4. c4 Bb4+ 5. Bd2 c5 6. Bg2 Bb7 7. 0-0 0-0 8. a3 Bxd2 9. Qxd2 Qc7 10. Nc3 Ne4 11. Nxe4 Bxe4 12. d5 exd5 13. cxd5 Qd6 14. Rad1 Na6 15. Nh4 Bxg2 16. Kxg2 Rae8 17. Qd3 Nc7 18. e4 g6 19. f4 f6 20. Qf3 Nb5 21. Qg4 Kh8 22. Nxg6+ hxg6 23. Qxg6 Qe7 24. f5 Qh7 25. Qg4 Nd4 26. Qf4 Re5 27. Qe3 Rg8 28. Rf4 Rg5 29. Qd3 Qh5 30. Kh1 Qe2 31. Qxe2 Nxe2 32. Rh4+ Kg8 33. b4 Nc3 34. Rc1 Nxe4 35. Rc2 Rgxf5 36. Rc4 Nd6 37. Rh6 Nxc4 0-1

[Event "Hennebont Grand Prix"]
[Site "Hennebont"]
[Date "2006.08.05"]
[Round "3"]
[White "Robveille, Laurent"]
[Black "Marchadour, Claire"]
[Result "0-1"]
[WhiteElo "1933"]
[BlackElo "2076"]
[PlyCount "70"]
[EventDate "2006.08.05"]
[EventType "swiss"]
[EventRounds "7"]
[EventCountry "FRA"]
[SourceTitle "EXT 2007"]
[Source "ChessBase"]
[SourceDate "2006.11.23"]
[SourceVersion "1"]
[SourceVersionDate "2006.11.23"]
[SourceQuality "1"]

1. d4 Nf6 2. Nf3 c5 3. d5 b5 4. c4 bxc4 5. Nc3 d6 6. e4 g6 7. Bxc4 Bg7 8. Bb5+ Nbd7 9. 0-0 0-0 10. Nd2 Rb8 11. Kh1 Qa5 12. Nc4 Qc7 13. Nd2 Nh5 14. Be2 Nf4 15. Nc4 Nxe2 16. Nxe2 Ba6 17. Qc2 Bxc4 18. Qxc4 Bxb2 19. Bh6 Bxa1 20. Bxf8 Ne5 21. Qa4 Kxf8 22. Rxa1 Rb4 23. Qc2 Qb6 24. Nf4 Rb2 25. Qc1 Qb4 26. h4 Qd2 27. Qxd2 Rxd2 28. h5 Rxf2 29. Nh3 Rb2 30. Ng5 h6 31. Nh3 g5 32. Rf1 Rxa2 33. Rb1 Ng4 34. Nxg5 hxg5 35. h6 Nxh6 0-1

[Event "Avoine op 21th"]
[Site "Avoine"]
[Date "2006.07.23"]
[Round "2"]
[White "Guibouret, Gerard"]
[Black "Robveille, Laurent"]
[Result "0-1"]
[WhiteElo "1710"]
[BlackElo "1933"]
[PlyCount "126"]
[EventDate "2006.07.22"]
[EventType "swiss"]
[EventRounds "9"]
[EventCountry "FRA"]
[SourceTitle "EXT 2007"]
[Source "ChessBase"]
[SourceDate "2006.11.23"]
[SourceVersion "1"]
[SourceVersionDate "2006.11.23"]
[SourceQuality "1"]

1. d4 d5 2. Nf3 Nf6 3. g3 c6 4. Bg2 Bf5 5. 0-0 e6 6. Nbd2 Be7 7. Nh4 Bg6 8. Nxg6 hxg6 9. Nb3 Nbd7 10. a4 Ng4 11. e4 Nxh2 12. Re1 dxe4 13. Bxe4 Nf6 14. Bg2 Nhg4 15. a5 a6 16. Bf4 0-0 17. Qe2 Re8 18. Rad1 Bb4 19. c3 Bxa5 20. Nc5 Qc8 21. Bh3 Nh6 22. Bxh6 gxh6 23. Qd3 Kg7 24. Re2 Bb6 25. Nb3 Qd7 26. Red2 Qd5 27. c4 Qh5 28. Kg2 g5 29. f3 Qg6 30. Qf1 Rad8 31. c5 Bc7 32. Nc1 Nd5 33. Re1 Ba5 34. Nb3 Bxd2 35. Nxd2 Qc2 36. Qe2 Nf6 37. Qf2 Qxb2 38. Nc4 Qxf2+ 39. Kxf2 Rxd4 40. Nd6 Re7 41. Nf5+ exf5 42. Rxe7 Rd7 43. Rxd7 Nxd7 44. Bxf5 Nxc5 45. Ke2 Kf6 46. Bc8 Ke5 47. Ke3 a5 48. Kd2 Kd4 49. Bf5 b5 50. Bh7 a4 51. Bg8 f6 52. Bf7 Nb3+ 53. Kc2 Ke3 54. Kc3 Kxf3 55. Be8 Kxg3 56. Bxc6 f5 57. Bxb5 Nc5 58. Kd4 a3 59. Bc4 Na4 60. Bb3 Nb2 61. Bd5 f4 62. Kc3 f3 63. Kb3 f2 0-1

[Event "FRA-chT3 Gr5 "]
[Site "Bretagne"]
[Date "2006.??.??"]
[Round "9.6"]
[White "Robveille, Laurent"]
[Black "Emeriau, Boris"]
[Result "1-0"]
[WhiteElo "1946"]
[BlackElo "1695"]
[PlyCount "92"]
[EventDate "2006.??.??"]
[EventType "team"]
[EventRounds "9"]
[EventCountry "FRA"]
[SourceTitle "EXT 2007"]
[Source "ChessBase"]
[SourceDate "2006.11.23"]
[SourceVersion "1"]
[SourceVersionDate "2006.11.23"]
[SourceQuality "1"]
[WhiteTeam "Arradon"]
[WhiteTeamCountry "FRA"]

1. d4 d5 2. Nf3 Nf6 3. c4 e6 4. Nc3 Be7 5. cxd5 exd5 6. Qc2 b6 7. Bg5 Bb7 8. e3 0-0 9. Bd3 Nbd7 10. 0-0-0 c5 11. Kb1 a6 12. Rdg1 c4 13. Bf5 b5 14. h4 b4 15. Na4 Bc6 16. g4 b3 17. axb3 Rb8 18. Bxf6 Bxa4 19. bxa4 Nxf6 20. Kc1 c3 21. bxc3 Ba3+ 22. Kd1 Rb2 23. Qd3 Ne4 24. Bxe4 dxe4 25. Qxe4 Qa5 26. Ke1 Qxc3+ 27. Kf1 Qc4+ 28. Kg2 Qa2 29. Rf1 Bb4 30. Ng5 g6 31. h5 f5 32. Qe6+ Qxe6 33. Nxe6 Rf6 34. gxf5 gxf5 35. Nf4 Bd6 36. Kf3 Ra2 37. Ra1 Rxa1 38. Rxa1 Rf8 39. Rc1 Rb8 40. Rc6 Bxf4 41. Kxf4 Rb2 42. f3 Ra2 43. h6 Rh2 44. Kxf5 Rh3 45. Kg4 Rh2 46. e4 a5 1-0

[Event "FRA-chT3 0405"]
[Site "France"]
[Date "2004.12.05"]
[Round "4"]
[White "Le Roux, Jacques"]
[Black "Robveille, Laurent"]
[Result "1/2-1/2"]
[WhiteElo "2050"]
[BlackElo "1977"]
[PlyCount "64"]
[EventDate "2004.10.10"]
[EventType "team"]
[EventRounds "9"]
[EventCountry "FRA"]
[SourceTitle "EXT 2007"]
[Source "ChessBase"]
[SourceDate "2006.11.23"]
[SourceVersion "1"]
[SourceVersionDate "2006.11.23"]
[SourceQuality "1"]

1. d4 c6 2. Nf3 Nf6 3. c4 d5 4. Nc3 e6 5. e3 Be7 6. Qc2 0-0 7. Bd3 Nbd7 8. 0-0 Re8 9. Bd2 Bf8 10. e4 dxe4 11. Nxe4 Nxe4 12. Bxe4 g6 13. Rad1 Qc7 14. Qc3 e5 15. d5 Nf6 16. Rfe1 Nxe4 17. Rxe4 Bg7 18. Bf4 cxd5 19. Rxd5 Be6 20. Rdxe5 Qd7 21. Qe3 Qd1+ 22. Ne1 Rad8 23. Rb5 Bd4 24. Qb3 Qxb3 25. axb3 Bd7 26. Rbe5 Bxe5 27. Rxe5 Bf5 28. h3 Rxe5 29. Bxe5 Rd1 30. Bc3 Bc2 31. b4 Bb3 32. c5 Kf8 1/2-1/2